Η προστασία των δικαιωμάτων του ανθρώπου στην Ευρώπη : με βάση τη νομολογία του δικαστηρίου του Στρασβούργου

Αποθηκεύτηκε σε:
Λεπτομέρειες βιβλιογραφικής εγγραφής
Συλλογικό Έργο: Δικηγορικός Σύλλογος Αθηνών (Επιμελητής έκδοσης), Εθνική Τράπεζα της Ελλάδος (f)
Άλλοι συγγραφείς: Ματθίας, Στέφανος, 1935-2009 (Επιμελητής έκδοσης)
Μορφή: Βιβλίο
Γλώσσα:Greek
Δημοσίευση: Αθήνα : [χ.ό.], 2006
Θέματα:
Ετικέτες: Προσθήκη ετικέτας
Δεν υπάρχουν, Καταχωρήστε ετικέτα πρώτοι!

MARC

LEADER 00000cam a2200000 i 4500
001 1/48678
008 070719s2006 gre d
035 |l 10088981 
040 |a GR-MY-UA  |b gre  |e aacr 
041 0 |a gre 
082 0 |a 341.4853  |2 (22) 
245 1 2 |a Η προστασία των δικαιωμάτων του ανθρώπου στην Ευρώπη :  |b με βάση τη νομολογία του δικαστηρίου του Στρασβούργου /  |c Δικηγορικός Σύλλογος Αθηνών ; επιμέλεια: Στέφ. Ματθίας...[και ά] 
260 |a Αθήνα :   |b [χ.ό.],   |c 2006 
300 |a 357 σ.;  |c 20 εκ. 
500 |a Περιέχει παράρτημα με την Ευρωπαϊκή Σύμβαση για τα Δικαιώματα του Ανθρώπου στην αγγλική και γαλλική γλώσσα 
504 |a Βιβλιογραφία: σ. 347-352. Ευρετήριο 
650 0 0 |a Human rights. 
650 0 0 |a Human rights  |z Europe. 
700 1 |a Ματθίας, Στέφανος,   |d 1935-2009.  |4 edt 
710 2 |a Δικηγορικός Σύλλογος Αθηνών.  |4 edt 
710 2 |a Εθνική Τράπεζα της Ελλάδος.  |4 f 
852 |a INST  |b RHODES  |e 20070719  |h 341.4853 ΠΡΟ  |p 005400026285  |q 005400026285  |t BK  |y 0 
901 |a BIBL4-2007-2 
909 |a Ρ  |b 128089 
970 |a ΧΑΡΙΟΠΟΛΙΤΟΥ  |b ΚΩΝΣΤΑΝΤΙΝΑ  |z 2007/07/19